Piotr Skarga

Titel: Piotr Skarga / Kazimierz Panuś
Verfasser:
Veröffentlicht: Kraków : Wydawn. WAM, 2006
Umfang: 115 S.
Format: Buch
Sprache: Polnisch
Schriftenreihe/
mehrbändiges Werk:
Wielcy Ludzie Kościoła
ISBN: 8373186964
Buchumschlag
X
Lokale Klassifikation: 2 S 516
alg: 28692842
001A    $03004:06-01-12 
001B    $01999:15-05-21 $t20:51:53.000 
001C    $03004:06-01-12 $t11:47:57.000 
001D    $03004:06-01-12 
001U    $0utf8 
001X    $00 
002@    $0Aau 
003@    $0286928426 
003O    $077507653 $aOCoLC 
004A    $083-7318-696-4 
007A    $0286928426 $aHEB 
007G    $0DE020B3296BD8BE090236C125798A0052A035 
007T    $0Herdk87092 
009P    $qapplication/pdf $A2 $3Inhaltsverzeichnis $uhttp://scans.hebis.de/HEBCGI/show.pl?28692842_toc.pdf $mV:DE-603;B:DE-Mb50 
010@    $apol 
011@    $a2006 $n2006 
021A    $aPiotr Skarga $hKazimierz Panuś 
028A    $7 $8Panuś, Kazimierz [Tnx] $9166061387 
033A    $pKraków $nWydawn. WAM 
034D    $a115 S. 
036G    $aWielcy Ludzie Kościoła 
045F    $a929.09438 $eDDC23BSB 
045F/01 $a929 
045F/03 $g438 

lok: 28692842 24
101B    $006-01-12 $t11:49:56.000 
101C    $006-01-12 
101U    $0utf8 
145Z/01 $a2 S 516 

exp: 28692842 24 1 #EPN
201B/01 $006-01-12 $t11:49:56.000 
201C/01 $006-01-12 
201U/01 $0utf8 
203@/01 $0636209288 
208@/01 $a06-01-12 $bz 
209A/01 $a11.10083 $du $f050 $h11 10083 $x00 
209C/01 $a11.10083 K $h11 10083 K 
209G/01 $a72917839 $x00 
220C/01 $anie 
244Z/01 $#Skarga, Piotr $#Pawe̜zki, Piotr Skarga $#Powe̜ski, P. $#Skarga, Pierre $#Skarga, Petr $#Scarga von Paveski, Petrus $#Skarga, Peter $#Scarga, Petro $#Scarga, Petrus $#Scharga, Pjotr $#Scharga, Petrus $#Pawezki, Piotr Skarga $#Pawezki, Piotr $#Poweski, Piotr $#Poweski, Piotr Skarga $#Skarha, Petro $#Skarga, Petro $7119327384 $8--Tp1--Skarga, Piotr$Z1536-1612 $x01 $9087667193 
247C/01 $8358050-7 Marburg, Bibliothek des Herder-Instituts Marburg $9102600961 

lok: 28692842 78

exp: 28692842 78 1 #EPN
201B/01 $016-09-19 $t22:36:44.000 
201U/01 $0utf8 
203@/01 $0792305558 
208@/01 $a12-11-16 $be 
209A/01 $a/ $f000 $x00 
220C/01 $aTitelaufnehmer: pbb 
220C/01 $aHerkunft: PBB/IH PAN 
237A/01 $aweiterführende Signatur(en): Herder-Institut: 11.10083 
244Z/01 $2Trx $#Poola $#Lenkija $#Polija $#Polen Land $#Poland $#Lengyelország $#Poľsko $#Polsko $8--Trx--Polska$gkraj $x01 $9391345966 
244Z/01 $aGeschichte 1536-1612 $x02 
244Z/01 $#Skarga, Piotr $#Pawe̜zki, Piotr Skarga $#Powe̜ski, P. $#Skarga, Pierre $#Skarga, Petr $#Scarga von Paveski, Petrus $#Skarga, Peter $#Scarga, Petro $#Scarga, Petrus $#Scharga, Pjotr $#Scharga, Petrus $#Pawezki, Piotr Skarga $#Pawezki, Piotr $#Poweski, Piotr $#Poweski, Piotr Skarga $#Skarha, Petro $#Skarga, Petro $7119327384 $8--Tp1--Skarga, Piotr$Z1536-1612 $x03 $9087667193 
244Z/01 $2Trx $#ordud jesuiidid $#ordinas jėzuitų $#order Jesuits $#szerzetesrendek Jezsuiták $#zakony, jezuici $#rád, jezuiti $#řád, jezuité $#Jesuiten $#jezuiti $#jezuiti $8--Trx--Orden$gJesuiten $x04 $939137575X 
244Z/01 $2Trx $#vastureformatsioon $#kontrreformacija $#counter-reformation $#ellenreformáció $#kontrreformacja $#protireformácia $#protireformace $8--Trx--Gegenreformation $x05 $9391381571 
244Z/01 $2Trx $8--Trx--Monographie $x06 $9391384546 
244Z/01 $2Trx $#biograafiad $#biografijos $#biography $#életrajzok $#biografia $#biografie $#biografie $8--Trx--Biographie $x07 $9391352938 
245Z/01 $a12.03 $x01 
247C/01 $82080>Marburg/Lahn, Herder-Institut, Forschungsbibliothek, Bibliographieportal $9336309341
LEADER 00000cam a2200000 c 4500
001 286928426
003 DE-603
005 20210515205153.0
007 tu
008 120106s2006 xx |||| | u00||u|pol c
020 |a 8373186964 
035 |a (DE-599)HEB286928426 
035 |a (OCoLC)77507653 
040 |a DE-603  |b ger  |c DE-603  |d DE-603 
041 |a pol 
082 0 4 |8 1\u  |a 929.09438  |q DE-101  |2 23/BSB 
085 |8 1\u  |b 929 
085 |8 1\u  |z 2  |s 438 
100 1 |a Panuś, Kazimierz  |0 (DE-603)166061387 
245 0 0 |a Piotr Skarga  |c Kazimierz Panuś 
264 1 |a Kraków  |b Wydawn. WAM  |c 2006 
300 |a 115 S. 
490 0 |a Wielcy Ludzie Kościoła 
856 4 2 |m V:DE-603;B:DE-Mb50  |q application/pdf  |u http://scans.hebis.de/HEBCGI/show.pl?28692842_toc.pdf  |3 Inhaltsverzeichnis 
924 0 |9 Mb 50  |a (DE-603)636209288  |b DE-Mb50  |c HES  |d c  |g 11.10083 
924 0 |9 2080  |a (DE-603)792305558  |b DE-2080  |c HES  |d d  |g /